000 nam a22 7a 4500
999 _c8099
_d8099
008 171128b xxu||||| |||| 00| 0 eng d
020 _a8184082800
100 _aGandhi M.K.
_94544
245 _aMy Experiment with Truth
260 _bUPCI
_c2009